[Event "St Petersburg Korchnoi Memorial op"]
[Site "St Petersburg"]
[Date "2023.08.22"]
[Round "7"]
[White "Shilovskiy, Stepan"]
[Black "Kasperovich, Mikhail"]
[Result "1-0"]
[WhiteElo "1843"]
[BlackElo "1593"]
[PlyCount "67"]
[EventDate "2023.08.18"]
[EventType "swiss"]
[EventRounds "9"]
[EventCountry "RUS"]
[SourceTitle "EXT 2024"]
[Source "ChessBase"]
[SourceDate "2023.10.10"]
[SourceVersion "1"]
[SourceVersionDate "2023.10.10"]
[SourceQuality "1"]

1. d4 Nf6 2. c4 e6 3. Nf3 d5 4. Nc3 Bd6 5. Bg5 Nbd7 6. cxd5 exd5 7. Nxd5 c6 8. Nxf6+ Nxf6 9. a3 Qa5+ 10. Qd2 Qd5 11. Bxf6 gxf6 12. e3 Bd7 13. Rc1 f5 14. Bc4 Qe4 15. Bxf7+ Kd8 16. Ke2 Rf8 17. Bc4 Re8 18. Rhe1 f4 19. Qd3 Qe7 20. Kf1 Qg7 21. exf4 Rxe1+ 22. Rxe1 Bxf4 23. Qe4 Bd6 24. Be6 Kc7 25. Bxd7 Qxd7 26. d5 c5 27. Ng5 Rg8 28. Ne6+ Kb8 29. g3 Qb5+ 30. Re2 Qb3 31. Kg2 h5 32. Qh7 Qxd5+ 33. Qe4 Qd1 34. Nf4 1-0

[Event "St Petersburg Korchnoi Memorial op"]
[Site "St Petersburg"]
[Date "2023.08.21"]
[Round "6"]
[White "Bambizo, Mikhail"]
[Black "Shilovskiy, Stepan"]
[Result "0-1"]
[WhiteElo "1579"]
[BlackElo "1843"]
[PlyCount "116"]
[EventDate "2023.08.18"]
[EventType "swiss"]
[EventRounds "9"]
[EventCountry "RUS"]
[SourceTitle "EXT 2024"]
[Source "ChessBase"]
[SourceDate "2023.10.10"]
[SourceVersion "1"]
[SourceVersionDate "2023.10.10"]
[SourceQuality "1"]

1. Nf3 Nf6 2. c4 e6 3. g3 b6 4. Bg2 Bb7 5. 0-0 c5 6. d4 cxd4 7. Qxd4 Be7 8. Nc3 Nc6 9. Qf4 a6 10. Rd1 0-0 11. e4 d6 12. b3 Qc7 13. Bb2 Ne5 14. Nd4 Nxc4 15. bxc4 e5 16. Qd2 exd4 17. Qxd4 Rab8 18. Nd5 Bxd5 19. cxd5 Ne8 20. f4 f5 21. Rac1 Qb7 22. e5 dxe5 23. Qxe5 Bd6 24. Qe6+ Qf7 25. Qxf7+ Rxf7 26. Rc6 Rc7 27. Rxc7 Nxc7 28. Be5 Rd8 29. Rc1 Ne8 30. Rc6 Bc5+ 31. Kf1 Nd6 32. a4 a5 33. Rc7 Nf7 34. Rb7 Kf8 35. h3 Re8 36. Bc3 Re3 37. Rb8+ Ke7 38. Rb7+ Ke8 39. Bxg7 Nd6 40. Rb8+ Kf7 41. Bf8 Rxg3 42. Bxd6 Bxd6 43. Rb7+ Ke8 44. Rxb6 Bxf4 45. Rf6 Ra3 46. d6 Kd7 47. Rxf5 Rxa4 48. Ke2 Kxd6 49. Rd5+ Ke6 50. Rb5 Be5 51. Kd3 Kf5 52. Bd5 h5 53. Bf7 h4 54. Rb3 Rd4+ 55. Ke3 Re4+ 56. Kf3 Rf4+ 57. Kg2 a4 58. Rf3 Ke4 0-1

[Event "St Petersburg Korchnoi Memorial op"]
[Site "St Petersburg"]
[Date "2023.08.21"]
[Round "5"]
[White "Shilovskiy, Stepan"]
[Black "Yatsyshin, Aleksandr"]
[Result "1/2-1/2"]
[WhiteElo "1843"]
[BlackElo "1596"]
[PlyCount "137"]
[EventDate "2023.08.18"]
[EventType "swiss"]
[EventRounds "9"]
[EventCountry "RUS"]
[SourceTitle "EXT 2024"]
[Source "ChessBase"]
[SourceDate "2023.10.10"]
[SourceVersion "1"]
[SourceVersionDate "2023.10.10"]
[SourceQuality "1"]

1. d4 Nf6 2. c4 g6 3. h4 Bg7 4. Nc3 d6 5. e4 0-0 6. Be2 Nc6 7. h5 e5 8. d5 Nd4 9. h6 Bh8 10. Bg5 c5 11. f3 a6 12. a4 Qa5 13. Bd3 Bd7 14. Nge2 Rfe8 15. Bd2 Qd8 16. Bg5 Qa5 17. Bd2 Qd8 18. a5 b6 19. axb6 Qxb6 20. Nxd4 cxd4 21. Na4 Qc7 22. b4 Nh5 23. Rxh5 gxh5 24. c5 dxc5 25. bxc5 Bxa4 26. Qxa4 Qxc5 27. Ke2 Bf6 28. Rc1 Qe7 29. Bb4 Qb7 30. Rc6 Bg5 31. Bxa6 Qa7 32. Bc5 Qb7 33. Rb6 Qc7 34. Rc6 Qb7 35. Rb6 Qc7 36. Qc6 Qxc6 37. Rxc6 Reb8 38. d6 Rb3 39. d7 d3+ 40. Kf2 Rd8 41. Bb6 Rb2+ 42. Kg3 Rxb6 43. Rxb6 Rxd7 44. Rb8+ Bd8 45. Rb1 d2 46. Rd1 Bg5 47. Bc4 Rc7 48. Bd5 Rc1 49. Bb3 Kf8 50. Kf2 Bxh6 51. Ke2 Kg7 52. Rf1 h4 53. Bd1 Kg6 54. Rh1 Bg5 55. Kf2 Bf4 56. Ke2 Kg5 57. Kd3 h5 58. Ke2 Rc3 59. Kf2 Bg3+ 60. Ke2 Be1 61. Ba4 Rc1 62. Bb3 f6 63. Bd1 Kf4 64. Rh3 Ra1 65. Bc2 Kg5 66. Bd1 Kh6 67. Rh1 Rc1 68. Rf1 Kg5 69. Rh1 1/2-1/2

[Event "St Petersburg Korchnoi Memorial op"]
[Site "St Petersburg"]
[Date "2023.08.20"]
[Round "4"]
[White "Zadorozhy, Egor"]
[Black "Shilovskiy, Stepan"]
[Result "1-0"]
[WhiteElo "1516"]
[BlackElo "1843"]
[PlyCount "61"]
[EventDate "2023.08.18"]
[EventType "swiss"]
[EventRounds "9"]
[EventCountry "RUS"]
[SourceTitle "EXT 2024"]
[Source "ChessBase"]
[SourceDate "2023.10.10"]
[SourceVersion "1"]
[SourceVersionDate "2023.10.10"]
[SourceQuality "1"]

1. e4 c6 2. d4 d5 3. Nd2 dxe4 4. Nxe4 Nf6 5. Nxf6+ exf6 6. c3 Bd6 7. Bd3 Na6 8. Ne2 h5 9. Bf4 Nc7 10. Qd2 Kf8 11. 0-0-0 b5 12. Bxd6+ Qxd6 13. Ng3 Be6 14. Ne4 Qd5 15. b3 a5 16. Nc5 Qd6 17. f4 f5 18. h3 g6 19. g4 fxg4 20. Nxe6+ Nxe6 21. Rdf1 g3 22. f5 g2 23. Qxg2 Nf4 24. Qd2 g5 25. f6 Qa3+ 26. Kb1 a4 27. b4 c5 28. Rxf4 gxf4 29. Qxf4 Rd8 30. Qc7 Re8 31. Qd6+ 1-0

[Event "St Petersburg Korchnoi Memorial op"]
[Site "St Petersburg"]
[Date "2023.08.19"]
[Round "2"]
[White "Shakirov, Marat"]
[Black "Shilovskiy, Stepan"]
[Result "1-0"]
[WhiteElo "2138"]
[BlackElo "1843"]
[PlyCount "71"]
[EventDate "2023.08.18"]
[EventType "swiss"]
[EventRounds "9"]
[EventCountry "RUS"]
[SourceTitle "EXT 2024"]
[Source "ChessBase"]
[SourceDate "2023.10.10"]
[SourceVersion "1"]
[SourceVersionDate "2023.10.10"]
[SourceQuality "1"]

1. d4 Nf6 2. c4 e6 3. Nc3 Bb4 4. e3 c5 5. Bd3 Nc6 6. Nf3 cxd4 7. exd4 d5 8. 0-0 dxc4 9. Bxc4 0-0 10. Bg5 b6 11. a3 Be7 12. Qd3 Bb7 13. Rad1 h6 14. Bc1 Re8 15. Ba2 Bf8 16. Bb1 Ne7 17. Ne5 Nf5 18. Qh3 Nd6 19. Rfe1 Rc8 20. Rd3 Nde4 21. Rde3 Ng5 22. Qh4 Nd7 23. Rg3 Be7 24. Qh5 Nf6 25. Qd1 Bd6 26. h4 Bxe5 27. Rxe5 Nfe4 28. Bxg5 hxg5 29. Bxe4 gxh4 30. Rh3 f6 31. Bxb7 fxe5 32. Bxc8 exd4 33. Bxe6+ Kf8 34. Rf3+ Ke7 35. Bb3 dxc3 36. Rf7# 1-0

[Event "St Petersburg Korchnoi Memorial op"]
[Site "St Petersburg"]
[Date "2023.08.18"]
[Round "1"]
[White "Shilovskiy, Stepan"]
[Black "Kuznetsov, Ivan Dm"]
[Result "1-0"]
[WhiteElo "1843"]
[BlackElo "1015"]
[PlyCount "103"]
[EventDate "2023.08.18"]
[EventType "swiss"]
[EventRounds "9"]
[EventCountry "RUS"]
[SourceTitle "EXT 2024"]
[Source "ChessBase"]
[SourceDate "2023.10.10"]
[SourceVersion "1"]
[SourceVersionDate "2023.10.10"]
[SourceQuality "1"]

1. d4 Nf6 2. c4 e6 3. Nf3 d5 4. Nc3 c6 5. Bf4 dxc4 6. a4 Bb4 7. e3 b5 8. Ne5 Bb7 9. Be2 Nd5 10. 0-0 Nxc3 11. bxc3 Bxc3 12. Rb1 a6 13. Nxc4 0-0 14. Qc2 Ba5 15. Bd3 h6 16. Bh7+ Kh8 17. Bd6 Re8 18. Ne5 Qf6 19. Bxb8 Raxb8 20. Nd7 Qe7 21. Nxb8 Rxb8 22. Be4 Bb6 23. Rfc1 Rc8 24. Qe2 Qd6 25. g3 Rc7 26. Rb3 Ba7 27. Rbc3 Bb6 28. Qf3 Ba5 29. Rc5 Bb4 30. R5c2 Ba3 31. Rb1 f5 32. Bd3 c5 33. Qd1 c4 34. Be2 Be4 35. axb5 Bxc2 36. Qxc2 axb5 37. Rxb5 c3 38. g4 g6 39. h4 Bb2 40. h5 Rg7 41. hxg6 Rxg6 42. Qb3 Qc6 43. Rc5 Qd6 44. Qb7 Rg7 45. Rc8+ Kh7 46. Qa8 Qe7 47. Kf1 Qa7 48. Rh8+ Kg6 49. gxf5+ Kxf5 50. Qf3+ Kg5 51. Qf4+ Kg6 52. Rxh6# 1-0